000
00296nam a2200133Ia 4500
008
200103s9999||||xx |||||||||||||| ||und||
040
_a
IMU-MPC
082
_a
Column-11
100
_a
HMSO
245
0
_a
Weather in the Black sea
260
_b
HMSO, London
_c
1963
300
_a
ix, 294
942
_c
BK
999
_c
4627
_d
4627